| 000 | 01111nam a2200313 i 4500 | ||
|---|---|---|---|
| 003 | DO-SdBNP | ||
| 005 | 20250421142856.0 | ||
| 007 | ta | ||
| 008 | 250421b2023 dr ||||| |||| 00| 0 spa d | ||
| 020 | _a9789945654745 | ||
| 040 |
_aDO-SdBNP _bspa _cBNPHU _erda |
||
| 041 | _aspa | ||
| 082 | 4 |
_axxx _bG146p _222 |
|
| 100 | 1 |
_aGalán, Alma _d1957- _eautor _4aut. _987488 |
|
| 245 | 1 | 0 |
_aPentágono de cuentos / _cFrancisco Herrera, Franklin Gómez, Manuel Peña, Virginia Herrera. |
| 264 | 4 |
_aSanto Domingo, República Dominicana : _bEditorial Santuario, _c©2023. |
|
| 300 |
_a92 páginas ; _c23 cm. |
||
| 336 |
_atexto _btxt _2rdacontent |
||
| 337 |
_asin mediación _bn _2rdamedia |
||
| 338 |
_avolumen _bnc _2rdacarrier |
||
| 500 | _aIncluye datos biográficos de los autores | ||
| 590 | _aInventariado, 2025 /LP | ||
| 700 | 1 |
_aHerrera Catalino, Francisco A. _d1956- _eautor _4aut. _987489 |
|
| 700 | 1 |
_aGómez, Franklin _d1975- _eautor _4aut. _987490 |
|
| 700 | 1 |
_aPeña, Manuel _d1958- _eautor _4aut. _987491 |
|
| 700 | 1 |
_aHerrera, Virginia _d1985- _eautor _4aut. _987492 |
|
| 910 | _aLP | ||
| 942 |
_2ddc _cLBS1 |
||
| 999 |
_c58324 _d58324 |
||